[Event "77th ITA-ch Men 2017"]
[Site "Cosenza"]
[Date "2017.12.01"]
[Round "3"]
[White "David, Alberto"]
[Black "Valsecchi, Alessio"]
[Result "1/2-1/2"]
[WhiteElo "2571"]
[BlackElo "2501"]
[Annotator "TA"]
[PlyCount "52"]
[EventDate "2017.??.??"]
[EventType "tourn"]
[EventCountry "ITA"]
[SourceTitle "playchess.com"]
[Source "ChessBase"]
[SourceQuality "1"]

{[%evp 9,52,27,39,35,47,47,43,42,40,43,48,41,38,36,30,35,40,34,39,19,37,13,17,17,11,13,17,0,7,8,12,0,0,-8,0,0,14,18,48,8,18,-2,0,0,0]} 1. d4 Nf6 2. Bg5 c5 3. d5 Ne4 4. Bc1 (4. Bf4 Qb6 5. Bc1 e6 6. f3 Qa5+ 7. c3 Nf6 8. e4 d6 9. Na3 exd5 10. exd5 Be7 11. Ne2 O-O 12. Ng3 a6 13. Nc4 Qd8 {1-0 (50) Andreikin,D (2705)-Sjugirov,S (2650) Sochi 2017}) 4... e5 5. Nd2 Nxd2 6. Bxd2 {A45: Damenbauernspiele (Trompowski-Angriff)} d6 7. e4 Be7 8. Ne2 $146 {Weiß steht etwas besser.} ({Vorgänger:} 8. Bd3 O-O 9. Ne2 Bg5 10. O-O Bxd2 11. Qxd2 f5 {1-0 (44) Nguyen,N (2431)-Khmelniker,I (2458) Budapest 2004}) 8... Bg5 9. Ng3 h5 10. Bb5+ Kf8 11. Bd3 h4 12. Nf1 Nd7 13. a4 {[%cal Ba2a4,Ba4a5][%mdl 32]} Rh6 14. a5 Rb8 15. Qc1 Bxd2+ 16. Qxd2 Nf6 17. Ne3 Bd7 18. c3 Rc8 19. b3 Nh5 20. g3 Nf6 21. Qe2 hxg3 22. fxg3 Rc7 23. Kd2 {[%cal Be1d2,Bd2c2,Bc2b2][%mdl 32]} Qc8 24. Kc2 Bh3 {Die Stellung ist ausgeglichen.} 25. Kb2 Ng4 26. Nxg4 Qxg4 {Precision: Weiß = 57%, Schwarz = 55%.} 1/2-1/2

[Event "77th ITA-ch Men 2017"]
[Site "Cosenza"]
[Date "2017.12.01"]
[Round "3"]
[White "Moroni, Luca Jr"]
[Black "Stella, Andrea"]
[Result "1/2-1/2"]
[WhiteElo "2530"]
[BlackElo "2505"]
[Annotator "TA"]
[PlyCount "68"]
[EventDate "2017.??.??"]
[EventType "tourn"]
[EventCountry "ITA"]
[SourceTitle "playchess.com"]
[Source "ChessBase"]
[SourceQuality "1"]

{[%evp 23,68,10,26,24,25,22,13,15,27,0,76,56,48,48,47,57,88,83,95,53,41,47,48,0,21,11,11,9,16,0,6,0,0,-42,0,0,0,0,0,0,0,0,0,0,0,0,0]} 1. Nf3 c5 2. c4 Nc6 3. d4 cxd4 4. Nxd4 Nf6 5. Nc3 e6 6. a3 d5 7. cxd5 exd5 8. Bg5 Bc5 {A33: Symmetrical English: 2 Nf3 Nf6 3 d4 cxd4 4 Nxd4 e6 5 Nc3 Nc6} 9. e3 Bxd4 10. exd4 O-O 11. Be2 h6 12. Bh4 Qd6 {LiveBook: 4 Games} 13. Nb5 $146 ({Predecessor:} 13. Bg3 Qe7 14. O-O Bf5 15. Re1 Qd7 16. Bf3 {½-½ (33) Navara,D (2737)-Anand,V (2783) Saint Louis 2017}) 13... Qe7 14. O-O g5 15. Bg3 Ne4 $1 16. Re1 {[#] aiming for Bd3.} f5 (16... Be6 $11) 17. Be5 Nxe5 18. dxe5 a6 19. Nd4 Qxe5 {[#]} 20. f3 $1 Nc5 21. Bc4 {[%mdl 1024] White has strong compensation.} Qd6 22. Ba2 {Hoping for b4.} Bd7 23. Rc1 Rad8 24. Qc2 Rc8 25. Qd2 Na4 26. Rxc8 Rxc8 27. h4 gxh4 28. Ne6 Re8 29. Bxd5 {The position is equal.} Bxe6 30. Qxh6 Qxd5 31. Qg6+ Kf8 32. Qf6+ Kg8 {Threatens to win with ...Kh7.} 33. Qg6+ Kf8 34. Qf6+ Kg8 {Precision: White = 40%, Black = 56%.} 1/2-1/2

[Event "77th ITA-ch Men 2017"]
[Site "Cosenza"]
[Date "2017.12.01"]
[Round "3"]
[White "Godena, Michele"]
[Black "Sonis, Francesco"]
[Result "1-0"]
[WhiteElo "2499"]
[BlackElo "2420"]
[Annotator "TA"]
[PlyCount "73"]
[EventDate "2017.??.??"]
[EventType "tourn"]
[EventCountry "ITA"]
[SourceTitle "playchess.com"]
[Source "ChessBase"]
[SourceQuality "1"]

{[%evp 10,73,-4,-12,2,17,8,-7,19,19,41,30,48,55,49,55,78,64,108,102,188,191,195,187,197,171,212,236,253,89,89,88,114,114,111,113,164,147,149,146,146,135,200,186,237,218,360,338,461,420,543,538,1090,1554,1570,989,1306,1190,1613,1342,10424,5289,29973,29973,29971,29971]} 1. e4 e5 2. Nf3 Nc6 3. g3 Nf6 4. d3 d5 5. exd5 Nxd5 6. Bg2 {LiveBook: 42 Games} Bd6 {C44: Ponziani Opening and Scotch Gambit} 7. O-O O-O 8. Nc3 (8. Re1 Re8 9. Nc3 Nxc3 10. bxc3 Rb8 11. Rb1 h6 12. Nd2 Ne7 13. Nc4 Ng6 14. d4 {½-½ (25) Carlsen,M (2855)-So,W (2770) Paris 2016}) 8... Nb6 $146 {The position is equal.} ({Predecessor:} 8... Nxc3 9. bxc3 Bg4 10. h3 Bh5 11. Bd2 f6 12. Qb1 Rb8 13. Qb5 Be8 14. Rfb1 Nb4 15. Rxb4 Bxb5 16. Rxb5 c6 17. Rbb1 Bc5 {0-1 (60) Seret,J (2390)-Santo Roman,M (2435) Angers 1990}) 9. a4 Nd7 10. d4 exd4 11. Nxd4 Nxd4 12. Qxd4 Re8 13. Bf4 Ne5 14. Rfe1 {[%cal Rf4e5]} Bf5 (14... f6 $16) 15. Rxe5 $18 Bxe5 16. Bxe5 {aiming for Qf4.} Qe7 17. f4 (17. Bxg7 Qe1+ 18. Rxe1 Rxe1+ 19. Bf1 Bh3 $17) 17... f6 18. Nd5 ({Weaker is} 18. Bxb7 fxe5 19. Qc4+ Be6 $11) 18... Qf7 19. Nxc7 $2 (19. Bxc7 $18 {is the precise move to win. Black must now prevent Bd6.} Rac8 20. Ba5) 19... fxe5 $16 20. Qd5 exf4 21. Nxa8 ({But not} 21. gxf4 $6 Rad8 $11) 21... Rxa8 22. Rf1 Bxc2 (22... Be6 $16 23. Qd6 (23. Qxb7 Qxb7 24. Bxb7 Rb8 $11) 23... Re8) 23. Rxf4 Qxd5 24. Bxd5+ {[%mdl 4096] Endgame KRB-KRB} Kh8 25. Bxb7 Rb8 {[#]} (25... g5 $16 {keeps fighting.}) 26. a5 $1 $18 g5 {[#]} (26... Bb3 {is a better defense.}) 27. Rf7 $1 a6 (27... Bb3 {was necessary.} 28. Rd7 Ba4) 28. Rc7 Bf5 29. b4 Rd8 30. Bxa6 Rd4 31. Bc4 Rd2 32. Bf1 Rd1 33. Kf2 Ra1 34. a6 Ra3 35. b5 {[%cal Bb4b5,Bb5b6][%mdl 32]} Be4 36. b6 Rf3+ 37. Ke1 {Precision: White = 70%, Black = 31%.} 1-0

[Event "77th ITA-ch Men 2017"]
[Site "Cosenza"]
[Date "2017.12.01"]
[Round "3"]
[White "Gilevych, Artem"]
[Black "Dvirnyy, Danyyil"]
[Result "0-1"]
[WhiteElo "2422"]
[BlackElo "2532"]
[Annotator "TA"]
[PlyCount "124"]
[EventDate "2017.??.??"]
[EventType "tourn"]
[EventCountry "ITA"]
[SourceTitle "playchess.com"]
[Source "ChessBase"]
[SourceQuality "1"]

{[%evp 16,124,0,0,0,0,0,-6,1,0,19,23,23,15,46,52,47,37,39,28,64,62,86,82,116,0,0,0,0,0,0,-11,-4,-61,-36,-40,-39,-43,-37,-41,-53,-66,-33,-80,-85,-153,-146,-186,-144,-156,-151,-147,-4,-6,-16,-27,-8,-8,-8,-8,-8,-8,-8,-8,-8,-8,-8,-8,-8,-8,0,-8,-8,-8,0,0,0,0,0,0,0,0,0,0,0,0,0,-8,-8,-8,0,0,0,0,0,-591,-591,-591,-591,-591,-591,-588,-588,-29976,-29977,-29976,-29978,-29977,-29979,-29982,-29983]} 1. Nf3 Nf6 2. c4 e6 3. d4 d5 4. Nc3 Bb4 5. cxd5 exd5 6. Bg5 h6 7. Bxf6 Qxf6 8. Rc1 c6 {D38: Queen's Gambit Declined: Ragozin Defence (4 Nf3 Bb4)} (8... O-O 9. e3 c6 10. Be2 Bf5 11. O-O Nd7 12. Qb3 Bxc3 13. Rxc3 Rab8 14. Ne1 Rfe8 15. Nd3 Be4 16. Qd1 Qg5 17. Bf3 Bxd3 18. Qxd3 {½-½ (29) Michalik,P (2575)-Movsesian,S (2653) Prague 2016}) 9. a3 {LiveBook: 12 Games} Ba5 10. b4 Bc7 $1 {The position is equal.} 11. e3 Qd6 $146 ({Predecessor:} 11... Bg4 12. Be2 O-O 13. O-O Nd7 14. h3 Bh5 15. Na4 Qd6 16. g3 {1-0 (40) Thibodeau,C-Cervantes,S CServe email 1992}) 12. Qc2 a6 13. Bd3 O-O 14. O-O Be6 15. e4 dxe4 16. Nxe4 Qf4 17. Nc5 Bg4 18. Ne5 $1 b6 19. Nxg4 bxc5 20. Qxc5 (20. Qe2 $1 $16) 20... Qxg4 $11 {[#]} 21. Bh7+ $1 {[%mdl 512]} Kxh7 22. Qxf8 {Hoping for d5.} Ra7 23. Qc5 Rb7 $40 {[%mdl 128] Black attacks.} 24. h3 ({White should play} 24. d5 $1 $11) 24... Qg6 (24... Qd7 {looks sharper.} 25. Rfe1 Bd6 26. Qc2+ g6 27. Qc3 Rb5) 25. Qc2 Bb6 26. Rfd1 Rd7 27. Qxg6+ Kxg6 28. Rc4 Kf5 29. Kf1 Ke6 30. a4 (30. Re1+ $142 Kd6 31. Re3) 30... Kd5 $1 $17 {[%cal Rd5c4]} 31. Rc2 Re7 32. Rb2 Nd7 33. Rc2 Re6 {[#]} ({But not} 33... Bxd4 $2 34. Rcd2 $18) (33... Nf6 $17 34. Rdc1 Re6) 34. Rc5+ $1 $11 {[%mdl 512]} Bxc5 35. dxc5+ Kc4 36. Rxd7 Kxb4 37. Rxf7 {[%mdl 4096] Endgame KR-KR} g5 38. f4 gxf4 39. Rxf4+ Kxc5 40. g4 Kd5 41. Rf5+ Kd4 42. Rf4+ Kd5 43. Rf5+ Kc4 44. h4 c5 45. g5 hxg5 46. hxg5 a5 47. Rf6 Re5 48. g6 Rg5 49. Rb6 Kd4 50. Ke2 c4 51. Rb5 Rg2+ 52. Kd1 Kd3 {[%cal Rg2g1]} 53. Rd5+ Kc3 54. Rxa5 Rxg6 55. Rb5 $2 {[%mdl 8192]} (55. Ra8 $11 {and White stays safe.}) 55... Rg1+ $1 $19 56. Ke2 Ra1 57. a5 {[#]} Kc2 $1 ({Stronger than} 57... Kd4 58. Kd2 $11) 58. Rc5 {[#]} c3 $1 {[%cal Bc4c3,Bc3c2][%mdl 32]} 59. Ke3 {intending Kd4.} Kb3 {Black mates.} 60. a6 c2 61. a7 Rxa7 62. Kd2 Rd7+ {Precision: White = 55%, Black = 64%.} 0-1

[Event "77th ITA-ch Men 2017"]
[Site "Cosenza"]
[Date "2017.12.01"]
[Round "3"]
[White "Genocchio, Daniele"]
[Black "Garcia Palermo, Carlos"]
[Result "0-1"]
[WhiteElo "2403"]
[BlackElo "2440"]
[Annotator "TA"]
[PlyCount "72"]
[EventDate "2017.??.??"]
[EventType "tourn"]
[EventCountry "ITA"]
[SourceTitle "playchess.com"]
[Source "ChessBase"]
[SourceQuality "1"]

{[%evp 18,72,34,29,61,27,63,44,36,33,18,12,16,12,15,-16,-7,-6,-11,-16,-16,-16,-12,-9,0,0,0,-45,3,10,45,-18,-20,-17,-7,-33,-17,-17,-11,-10,0,0,0,0,0,-8,22,-65,-72,-69,-67,-393,-393,-393,-384,-708,-664]} 1. e4 d6 2. d4 Nf6 3. Nc3 e5 4. Nf3 Nbd7 5. Bc4 Be7 6. O-O Nb6 {C41: Philidor Defence} (6... O-O 7. a4 a5 8. Re1 c6 9. Ba2 Re8 10. h3 Bf8 11. Be3 h6 12. Nh4 exd4 13. Bxd4 Nc5 14. Bxc5 dxc5 15. e5 Qxd1 16. Raxd1 Nh5 17. Ng6 Be6 18. Nxf8 Kxf8 19. Bxe6 Rxe6 {1-0 (38) Vachier Lagrave,M (2783)-Ivanchuk,V (2757) Leuven 2017}) 7. Be2 exd4 8. Nxd4 O-O 9. a4 a5 10. Re1 {LiveBook: 13 Games} Nfd7 11. Bf1 Nc5 $146 ({Predecessor:} 11... Bf6 12. b3 Nc5 13. Bb2 Re8 14. f4 Bg4 15. Qd2 {½-½ (40) Rafailov,R (1867)-Ivanova,S (1956) Varna 2012}) 12. Bf4 c6 13. Qf3 f5 14. exf5 Bxf5 15. Nxf5 Rxf5 16. Qg4 Rf7 17. g3 d5 18. Be5 Nbd7 19. Bd4 Bf6 20. Rad1 Qb6 21. b3 Raf8 22. Bxf6 Nxf6 (22... Rxf6 {keeps more tension.} 23. Re2 Ne6 24. Bg2 h5 25. Qh3 Rf5) 23. Qd4 Qb4 (23... Re8 {looks sharper.} 24. Rxe8+ Nxe8 25. Re1 Kf8 26. Bh3 Nf6) 24. Bh3 (24. Qxb4 $1 $14 axb4 25. Na2) 24... Qxd4 $11 25. Rxd4 g6 {[%cal Bg7g6,Bg6g5][%mdl 32]} 26. f4 Kg7 27. Rdd1 h6 28. Re5 Nfd7 29. Re3 g5 30. Ne2 Nf6 31. Re5 Nfe4 32. Nd4 (32. c4 $11) 32... gxf4 $15 33. Nf5+ Kg6 {[%cal Rf7f5]} 34. gxf4 $2 {[%mdl 8192] [#]} (34. Nh4+ $15 Kh7 35. Bf5+ Kg7 36. Bg6) 34... Rxf5 $19 35. Bxf5+ Rxf5 36. c4 $2 (36. Re8) 36... Rxe5 {Precision: White = 31%, Black = 55%.} 0-1

[Event "77th ITA-ch Men 2017"]
[Site "Cosenza"]
[Date "2017.12.03"]
[Round "5"]
[White "David, Alberto"]
[Black "Brunello, Sabino"]
[Result "1/2-1/2"]
[WhiteElo "2571"]
[BlackElo "2553"]
[Annotator "TA"]
[PlyCount "84"]
[EventDate "2017.??.??"]
[EventType "tourn"]
[EventCountry "ITA"]
[SourceTitle "playchess.com"]
[Source "ChessBase"]
[SourceQuality "1"]

{[%evp 29,84,0,0,0,9,0,17,3,4,0,0,0,31,-14,-7,0,-15,-15,-21,-19,22,4,4,5,9,0,0,0,45,37,69,13,32,20,21,25,41,1,1,1,2,2,3,0,6,0,2,0,0,-48,-48,-48,-48,-48,-48,-48,0]} 1. d4 d5 2. c4 c6 3. Nf3 Nf6 4. Nc3 dxc4 5. a4 Bf5 6. Ne5 Nbd7 7. Nxc4 Qc7 8. g3 e5 9. dxe5 Nxe5 10. Bf4 Nfd7 11. Bg2 g5 {D17: Damengambit (Slawische Verteidigung)} (11... f6 12. O-O g5 13. Nxe5 gxf4 14. Nxd7 Qxd7 15. a5 fxg3 16. hxg3 Qxd1 17. Rfxd1 a6 18. Rd4 Rd8 19. Rad1 Rxd4 20. Rxd4 {1-0 (48) So,W (2775)-Akopian,V (2648) Doha 2015}) 12. Ne3 gxf4 13. Nxf5 O-O-O 14. Qc2 Kb8 15. O-O fxg3 {LiveBook: 27 Partien} 16. hxg3 h5 17. Rfd1 a5 18. Rac1 {[#]} Bc5 $146 ({Vorgänger:} 18... Qb6 19. Ne4 {½-½ (45) Belozerov,A (2492)-Romanov,E (2589) Tomsk 2009}) 19. Ne4 Bb4 20. Rd4 Nb6 21. Rxd8+ (21. Rcd1 {seems wilder.} Rd5 22. Rxd5 Nxd5 23. e3 Qc8 24. Ng5) 21... Rxd8 22. Rd1 Rxd1+ 23. Qxd1 Qd7 24. Qxd7 Nbxd7 (24... Nexd7 {is interesting.} 25. b3 c5 26. Bf3 c4 27. bxc4 Nxa4 28. Bxh5 Nac5) 25. b3 Kc7 26. Nd4 Nc5 27. Kf1 Ned7 28. e3 Ne5 29. Ke2 Ng6 30. f4 ({Besser ist} 30. Nxc5 $14 Bxc5 31. Nf5) 30... Ne7 31. Bf3 Nxe4 32. Bxe4 $11 {[%mdl 4096] Endspiel KLS-KLS} Bc3 33. Kd3 Be1 34. Bf3 h4 35. gxh4 Bxh4 36. Bh5 f6 37. e4 Kd6 38. Kc4 Bf2 39. Nf5+ Nxf5 {Schwarz steht etwas besser.} 40. exf5 Be3 41. Bf7 Bxf4 42. Be6 b5+ {Precision: Weiß = 52%, Schwarz = 61%.} 1/2-1/2

[Event "77th ITA-ch Men 2017"]
[Site "Cosenza"]
[Date "2017.12.03"]
[Round "5"]
[White "Moroni, Luca Jr"]
[Black "Dvirnyy, Danyyil"]
[Result "1/2-1/2"]
[WhiteElo "2530"]
[BlackElo "2532"]
[Annotator "TA"]
[PlyCount "28"]
[EventDate "2017.??.??"]
[EventType "tourn"]
[EventCountry "ITA"]
[SourceTitle "playchess.com"]
[Source "ChessBase"]
[SourceQuality "1"]

{[%evp 22,23,0,0]} 1. d4 d5 2. c4 c6 3. Nc3 Nf6 4. cxd5 cxd5 5. Bf4 Nc6 6. e3 Bf5 7. Bd3 Bxd3 8. Qxd3 e6 9. Nf3 Bd6 10. Bxd6 Qxd6 11. O-O O-O 12. Rfc1 {Predecessor:} Rac8 $146 13. Ne2 Ne4 14. Qd1 h6 {½-½ (14) Jobava,B (2714)-Saric,I (2621) Helsingor 2017} 1/2-1/2

[Event "77th ITA-ch Men 2017"]
[Site "Cosenza"]
[Date "2017.12.03"]
[Round "5"]
[White "Gilevych, Artem"]
[Black "Sonis, Francesco"]
[Result "1-0"]
[WhiteElo "2422"]
[BlackElo "2420"]
[Annotator "TA"]
[PlyCount "127"]
[EventDate "2017.??.??"]
[EventType "tourn"]
[EventCountry "ITA"]
[SourceTitle "playchess.com"]
[Source "ChessBase"]
[SourceQuality "1"]

{[%evp 16,127,62,46,64,64,64,74,67,19,49,43,75,75,75,77,78,76,91,71,100,100,101,108,112,107,165,116,142,0,156,0,150,0,156,152,225,224,187,60,47,58,111,44,52,47,89,81,73,83,87,54,88,40,156,151,161,171,306,297,279,264,264,264,264,264,264,202,264,264,253,249,256,247,264,264,297,264,264,264,322,327,338,264,264,254,249,251,326,316,326,264,335,264,264,263,383,263,520,515,510,509,509,461,633,617,672,657,1295,1249,1038,1144,1065,897]} 1. Nf3 Nf6 2. c4 e6 3. Nc3 Bb4 4. d4 c5 5. e3 Nc6 6. Bd3 d6 7. Bd2 e5 8. d5 Ne7 {E41: Nimzo-Indian: Rubinstein: 4...c5 5 Bd3, including Hübner Variation} 9. Qc2 {LiveBook: 7 Games} Ng6 10. a3 Bxc3 {White is slightly better.} 11. Bxc3 O-O 12. h3 Re8 $146 {Strongly threatening ...e4.} ({Predecessor:} 12... b5 13. b3 Rb8 14. Nd2 bxc4 15. bxc4 Ne8 16. g3 {0-1 (48) Emodi,B (2363)-Szekeres,R (2337) Hungary 2012}) 13. Nd2 e4 14. Nxe4 Nxe4 15. Bxe4 Qh4 16. Bxg6 $1 hxg6 17. Qe2 Bf5 18. O-O Qg5 19. Rae1 Re7 20. f3 Rae8 (20... Qg3 $16) 21. Bd2 Qf6 22. Bc3 Qg5 {[%cal Re7e3]} 23. Bd2 Qf6 $1 24. Bc3 Qg5 {[%cal Re7e3]} 25. e4 Bxh3 {[#]} (25... Qg3 $16 26. Qf2 Qxf2+ 27. Kxf2 (27. Rxf2 f6 $16) 27... Bc8) 26. f4 $1 $18 {[%cal Rf4g5]} Qg4 {[#]} 27. Qxg4 (27. Qc2 $1 $18) 27... Bxg4 $14 28. e5 b6 ({Black should try} 28... Bf5 $14) 29. b4 ({Don't play} 29. exd6 $6 Rxe1 30. Rxe1 (30. Bxe1 Be2 $15) 30... Rxe1+ 31. Bxe1 Kf8 $14) ({Better is} 29. Kf2 $16) 29... Rc8 30. b5 Bd7 31. a4 Bf5 32. exd6 Rd7 33. Re7 Rcd8 34. Bd2 Bd3 (34... Kf8 $14) 35. Rc1 $16 f6 36. g4 $36 {[%mdl 2048] Keeping Black busy.} g5 (36... f5 {was called for.} 37. gxf5 Bxf5) 37. f5 $18 Rxd6 38. Re3 ({Weaker is} 38. Rxa7 Re8 $16) 38... Bxc4 39. Rxc4 Rxd5 40. Bc3 Rd1+ 41. Re1 R1d7 42. Rce4 Kf7 43. Kg2 Ra8 44. Re6 Rad8 45. R1e3 Rh8 46. Be1 Rhd8 47. Kf3 Kf8 48. Bf2 Rd4 49. R6e4 R4d7 50. Kg2 Kf7 51. Re6 Kf8 52. R3e4 Rc8 53. Be3 Kf7 54. Kf3 Rb8 55. Rc6 Rdb7 (55... Rh8 $142 56. a5 bxa5) 56. Ree6 Kg8 $2 (56... Rh8 {was necessary.} 57. a5 bxa5 58. Bxc5 Ra8) 57. Ke4 {White is clearly winning.} Rd8 58. Rcd6 Rc8 59. Kd5 Kf7 60. Kc4 Rh8 {[#]} 61. a5 $1 Rh4 (61... bxa5 62. Ra6) 62. axb6 axb6 63. Rxb6 Rc7 64. Re4 {Precision: White = 74%, Black = 26%.} 1-0

[Event "77th ITA-ch Men 2017"]
[Site "Cosenza"]
[Date "2017.12.03"]
[Round "5"]
[White "Genocchio, Daniele"]
[Black "Valsecchi, Alessio"]
[Result "1/2-1/2"]
[WhiteElo "2403"]
[BlackElo "2501"]
[Annotator "TA"]
[PlyCount "56"]
[EventDate "2017.??.??"]
[EventType "tourn"]
[EventCountry "ITA"]
[SourceTitle "playchess.com"]
[Source "ChessBase"]
[SourceQuality "1"]

{[%evp 13,56,16,10,10,6,-20,-12,-20,-22,-41,-41,-75,-25,-28,-19,-35,-31,-19,-20,-37,-23,-28,0,0,0,0,-3,0,0,-9,0,-11,-4,-38,8,5,6,0,13,0,0,0,0,0,0]} 1. g3 c5 2. Bg2 Nc6 3. d3 g6 4. f4 Bg7 5. Nf3 d6 6. O-O {A02: Bird's Opening} e6 (6... e5 7. fxe5 dxe5 8. Be3 Qe7 9. Nc3 Nf6 10. Bg5 Be6 11. Ne4 h6 12. Nxe5 hxg5 13. Nxc6 bxc6 14. Nxf6+ Bxf6 15. Bxc6+ {0-1 (25) Movsziszian,K (2520)-Bauer,C (2630) Rabat 2014}) 7. c3 Nge7 {LiveBook: 17 Games} 8. Na3 Rb8 9. Qe1 $146 ({Predecessor:} 9. d4 O-O 10. dxc5 dxc5 11. e4 b5 12. Nc2 Qa5 13. e5 Rd8 {1-0 (58) Mandl,R (2253)-Sauer,F (2055) Walldorf 2017}) 9... b5 10. Nc2 b4 11. Bd2 {[%cal Rc3b4]} O-O 12. Kh1 {[%cal Rc3b4]} bxc3 13. Bxc3 f6 14. b3 a5 15. d4 Nd5 16. e4 Nxc3 17. Qxc3 f5 18. exf5 gxf5 {Black wants to play ...Nxd4.} 19. Rad1 Nb4 20. Nxb4 Rxb4 21. a3 Rb8 22. Qe3 Qb6 23. dxc5 dxc5 24. Ne5 {The position is equal.} Qxb3 25. Qxc5 Qb5 26. Qe7 Bf6 27. Qd6 Rb6 28. Qc7 Bxe5 {Precision: White = 43%, Black = 71%.} 1/2-1/2

[Event "77th ITA-ch Men 2017"]
[Site "Cosenza"]
[Date "2017.12.03"]
[Round "5"]
[White "Zamengo, Fulvio"]
[Black "Lodici, Lorenzo"]
[Result "0-1"]
[WhiteElo "2310"]
[BlackElo "2421"]
[Annotator "TA"]
[PlyCount "176"]
[EventDate "2017.??.??"]
[EventType "tourn"]
[EventCountry "ITA"]
[SourceTitle "playchess.com"]
[Source "ChessBase"]
[SourceQuality "1"]

{[%evp 14,176,6,6,6,8,17,14,11,8,16,11,21,4,7,-9,10,-8,-5,-12,-13,-11,-10,-22,-22,-23,-21,-22,-22,-23,-21,-22,-21,-30,-34,-29,-27,-18,0,-21,0,0,0,0,0,-10,-13,-16,-10,-209,-202,-203,-213,-276,-190,-358,-362,-352,-147,-143,-143,-140,-138,-137,-143,-135,-135,-135,-144,-145,-145,-572,-177,-170,-164,-171,-189,-363,-362,-363,-348,-348,-344,-29974,-29975,-29975,-29976,-29976,-29977,-29977,-29978,-29978,-29979,-29977,-1189,-1783,-1783,-1783,-1783,-1776,-1776,-1776,-1776,-1769,-1769,-1747,-1754,-1724,-1720,-1695,-1653,-1434,-1654,-1650,-1646,-1613,-1621,-1464,-1434,-1624,-1613,-1787,-1623,-1533,-1281,-1495,-1279,-1523,-1365,-1333,-1325,-1250,-1031,-1143,-1243,-12550,-10339,-9675,-9319,-6770,-6402,-4134,-4428,-5828,-5712,-5181,-5081,-2656,-2397,-29983,-29984,-29984,-29985,-29986,-29987,-29989,-29990,-29990,-29990,-29991,-29992,-29993,-29994,-29995,-29996]} 1. e4 e5 2. Nf3 Nc6 3. Bb5 a6 4. Ba4 Nf6 5. d3 d6 6. c4 Bg4 {C77: Ruy Lopez: 3...a6 4 Ba4 Nf6, unusual lines} 7. h3 Bxf3 8. Qxf3 {LiveBook: 13 Games} Be7 {The position is equal.} (8... Nd7 9. Be3 Be7 10. O-O O-O 11. Qg3 Nc5 12. Bxc5 dxc5 13. Bxc6 bxc6 14. Nc3 Qd4 15. Qe3 Rfd8 16. Rad1 Qd6 17. Na4 Rd7 18. Rfe1 Rad8 {½-½ (47) Huschenbeth,N (2601)-Sutovsky,E (2689) Austria 2017}) 9. O-O Nd7 10. Bxc6 bxc6 11. Be3 $146 ({Predecessor:} 11. Nc3) 11... Bf6 12. Nc3 Nf8 13. Qd1 Ne6 14. Ne2 c5 15. Qd2 O-O 16. Rab1 a5 17. b3 c6 18. f4 exf4 19. Nxf4 Nd4 20. Ne2 Nxe2+ 21. Qxe2 Qe7 22. Qf2 Rfe8 23. Bc1 Bd4 24. Be3 Bxe3 25. Qxe3 a4 26. Qd2 f6 27. b4 Qe5 28. b5 cxb5 29. Rxb5 Qd4+ 30. Rf2 Reb8 31. Rxb8+ $2 (31. Qc2 $11 {and White stays safe.}) 31... Rxb8 $11 {[%mdl 4096] Endgame KQR-KQR} 32. Kh2 g6 33. Rf3 Qe5+ 34. Rg3 $2 (34. Qf4 {only move.}) 34... Rb2 $19 35. Qa5 Rxa2 (35... Re2 $1 $19 {and Black stays clearly on top.} 36. Qa8+ Kg7) 36. Qa8+ $17 Kg7 37. Qb7+ Kh6 {Hoping for ...Re2.} 38. Qf7 {Black must now prevent Qf8+.} Ra1 39. Qf8+ Kh5 40. Qf7 {[%cal Rf7h7] [#]} Rh1+ $1 $40 {[%mdl 640] Black wants a kill.} 41. Kxh1 {[%cal Rf7h7]} Qxg3 42. Qxh7+ {KQ-KQ} Kg5 43. Qa7 Qe1+ 44. Kh2 Qa1 45. Qa5 $2 (45. d4) 45... Kf4 $1 $19 46. e5 Qxe5 {Threatens to win with ...Ke3+.} ({Less strong is} 46... fxe5 47. Qd2+ Kf5 48. Qf2+ Ke6 49. Qg3 $17) 47. Qxa4 Ke3+ 48. Kh1 $2 (48. Kg1 $19) 48... Kf2 49. Qd1 Qe1+ 50. Qxe1+ Kxe1 {KP-KP} 51. Kh2 Kf2 52. h4 {[#]} f5 $1 53. Kh3 Ke3 (53... Ke2 $142 54. Kg3 Ke3 55. Kh2 Kxd3 56. Kg3 Kxc4 57. Kf3 Kd3 58. Kf4 c4 59. g4 fxg4 60. Kxg4 c3 61. Kf4 c2 62. Kg5 c1=Q+ 63. Kxg6 Qf4 64. Kg7 Qxh4 65. Kf7 Qd8 66. Kg6 Ke4 67. Kg7 Kf5 68. Kf7 Qd7+ 69. Kf8 Kg6 70. Kg8 Qg7#) 54. Kg3 Kxd3 55. Kf4 Kxc4 56. Kg5 d5 57. Kxg6 {K3P-KPP} d4 58. h5 d3 59. h6 d2 60. h7 d1=Q {And now ...Qa1 would win.} 61. h8=Q {KQ-KQ} Qg4+ 62. Kf7 Qxg2 63. Qa1 Qe4 64. Qa4+ Kd5 65. Qa8+ Ke5 66. Qb8+ {[#]} Kd4 $1 67. Qb2+ Kc4 68. Qa3 Qd5+ 69. Kg6 Qd6+ 70. Kg5 Qd2+ 71. Kg6 f4 {( -> ...Qd3+)} 72. Qa6+ Kd5 73. Kf5 c4 74. Qb5+ Kd4 75. Qe5+ Kd3 76. Qd5+ Kc3 77. Qa5+ Kc2 78. Qa2+ Kd3 79. Qa8 Qe3 80. Qd5+ Qd4 81. Qb5 f3 {Black mates.} 82. Qb1+ Kd2 83. Qa2+ Ke3 84. Kg5 f2 85. Qa3+ c3 86. Qc1+ Ke2 87. Kh5 f1=Q 88. Qc2+ Ke3 {Precision: White = 46%, Black = 74%.} 0-1